Countries with Embassies and Consulates in Cordoba - Statistics

General Stats
  • This quiz has been taken 18 times
  • The average score is 8 of 8
Answer Stats
Continent Country % Correct
South America Bolivia
100%
South America Brazil
100%
South America Paraguay
100%
South America Peru
100%
Europe Spain
100%
South America Chile
92%
South America Uruguay
92%
Europe Italy
83%
No matching quizzes found
Score Distribution
Percent of People with Each Score
Percentile by Number Answered
Your Score History
You have not taken this quiz